[Event "Legends of Chess Prelim"]
[Site "chess24.com INT"]
[Date "2020.07.21"]
[Round "1.1"]
[White "Kramnik, V"]
[Black "Nepomniachtchi, I"]
[Result "1/2-1/2"]
[WhiteElo "2753"]
[BlackElo "2784"]
[EventDate "2020.07.21"]
[WhiteTitle "GM"]
[BlackTitle "GM"]
[WhiteFideId "4101588"]
[BlackFideId "4168119"]

1.Nf3 c5 2.g3 Nc6 3.Bg2 g6 4.c3 Bg7 5.d4 cxd4 6.cxd4 d5 7.Nc3 Nf6 8.Ne5 
O-O 9.O-O Nd7 10.Nxd5 Ndxe5 11.dxe5 Nxe5 12.Bg5 Nc6 13.Rc1 Be6 14.b3 h6 
15.Nxe7+ Nxe7 16.Qxd8 Rfxd8 17.Bxe7 Rd2 18.Bxb7 Rb8 19.Bf3 Rxa2 20.b4 Bf8 
21.Bc5 Rd8 22.Kg2 h5 23.Ra1 Rdd2 24.Rxa2 Rxa2 25.Rc1 a5 26.bxa5 Rxa5 27.
Bb6 Rb5 28.Be3 Bg7 29.Rd1 Bf6 30.h3 Kg7 31.Rd6 Be5 32.Ra6 Rb2 33.Ra5 Bc3 
34.Rc5 Bf6 35.g4 hxg4 36.hxg4 Rb4 37.g5 Bd4 38.Bxd4+ Rxd4 39.e3 Rc4 40.Re5
Rc1 41.Be4 Re1 42.Rc5 Kf8 43.Rc7 Rd1 44.Bf3 Ra1 45.Rc5 Ke7 46.Kg3 Kd6 47.
Rb5 Bc4 48.Rb6+ Ke7 49.Rb4 Be6 50.Bg2 Ra5 51.f4 Ra3 52.Re4 Kf8 53.Re5 Rb3 
54.Bf3 Kg7 55.Bc6 Rc3 56.Bb5 Ra3 57.Kf3 Rb3 58.Rc5 Rb4 59.Bd3 Rb3 60.Bc2 
Rb4 61.Ra5 Rb2 62.Be4 Rb4 63.Re5 Rb2 64.Bd3 Rb3 65.Bb5 Rb4 66.Rc5 Kf8 67.
Bc6 Rc4 68.Rxc4 Bxc4 69.Ke4 Ke7 70.Ke5 Bd3 71.Be4 Be2 72.Bd5 Bd3 73.Kd4 
Be2 74.e4 Bd1 75.e5 Ba4 76.Bc4 Bd1 77.Bd3 Bg4 78.Be4 Bh3 79.Ke3 Bc8 80.Kf3
Bd7 81.Kg3 Bc8 82.Bf3 Bf5 83.Bg4 Bb1 84.Bh3 Bc2 85.Kf2 Bb1 86.Ke3 Bc2 87.
Kd4 Bb1 88.Bg4 Bc2 89.Bf3 Ba4 90.f5 gxf5 91.Ke3 Kf8 92.Kf4 Bc2 93.Bc6 Kg7 
94.Bd7 Kg6 95.Be8 Kg7 96.Bd7 Kg6 97.Be8 Kg7 98.Bd7 1/2-1/2

[Event "Legends of Chess Prelim"]
[Site "chess24.com INT"]
[Date "2020.07.22"]
[Round "2.3"]
[White "Svidler, P"]
[Black "Leko, P"]
[Result "1-0"]
[WhiteElo "2723"]
[BlackElo "2663"]
[EventDate "2020.07.21"]
[WhiteTitle "GM"]
[BlackTitle "GM"]
[WhiteFideId "4102142"]
[BlackFideId "703303"]

1.Nf3 Nf6 2.g3 c5 3.Bg2 Nc6 4.O-O e5 5.c4 d5 6.cxd5 Nxd5 7.Nc3 Be6 8.Ng5 
Qxg5 9.Nxd5 Qd8 10.Ne3 Rc8 11.b3 Bd6 12.Bb2 O-O 13.Rc1 b5 14.Nd5 a6 15.e3 
Bxd5 16.Bxd5 Nb4 17.Be4 Nxa2 18.Ra1 Nb4 19.Bc3 a5 20.Qe2 Qb6 21.f4 Rfe8 
22.Bxh7+ Kxh7 23.Qh5+ Kg8 24.fxe5 g6 25.Qf3 f5 26.exd6 Re4 27.Qg2 Nd5 28.
d3 Nxc3 29.dxe4 Nxe4 30.g4 c4 31.gxf5 Qxe3+ 32.Kh1 1-0

[Event "Legends of Chess Prelim"]
[Site "chess24.com INT"]
[Date "2020.07.21"]
[Round "1.1"]
[White "Leko, P"]
[Black "Ivanchuk, V"]
[Result "1/2-1/2"]
[WhiteElo "2663"]
[BlackElo "2678"]
[EventDate "2020.07.21"]
[WhiteTitle "GM"]
[BlackTitle "GM"]
[WhiteFideId "703303"]
[BlackFideId "14100010"]

1.d4 d5 2.c4 dxc4 3.Nf3 Nf6 4.e3 e6 5.Bxc4 c5 6.O-O a6 7.dxc5 Bxc5 8.Qxd8+
Kxd8 9.Be2 Nbd7 10.Nc3 Ke8 11.Nd2 Be7 12.Nb3 b6 13.e4 Bb7 14.f3 Bd6 15.Be3
Ke7 16.Na4 Bc7 17.Rac1 Rhc8 18.Rc3 Bd8 19.Rfc1 Rxc3 20.Rxc3 Rc8 21.Rxc8 
Bxc8 22.Kf2 Bb7 23.g4 h6 24.h4 Bc7 25.a3 Ne8 26.g5 hxg5 27.hxg5 Nd6 28.Bf1
f5 29.gxf6+ gxf6 30.Nd2 f5 31.e5 Nxe5 32.Bxb6 Bxb6+ 33.Nxb6 f4 34.Na4 a5 
35.Nc5 Bd5 36.Be2 Nc6 37.Nb1 e5 38.Nc3 Bf7 39.Bd3 Nd4 40.b4 axb4 41.axb4 
Bc4 42.Bxc4 Nxc4 43.Nd3 Kd6 44.Ne4+ Kc6 45.Nc3 Kb6 46.Nd5+ Kc6 47.Nc3 Kb6 
48.Nd5+ Kc6 49.Nc3 1/2-1/2

[Event "Legends of Chess Prelim"]
[Site "chess24.com INT"]
[Date "2020.07.24"]
[Round "4.3"]
[White "Giri, A"]
[Black "Anand, V"]
[Result "1/2-1/2"]
[WhiteElo "2764"]
[BlackElo "2753"]
[EventDate "2020.07.21"]
[WhiteTitle "GM"]
[BlackTitle "GM"]
[WhiteFideId "24116068"]
[BlackFideId "5000017"]

1.c4 e6 2.g3 Nf6 3.Bg2 d5 4.d4 Bb4+ 5.Nd2 O-O 6.Nf3 b6 7.O-O Bb7 8.Ne5 c5 
9.cxd5 Bxd5 10.Ndf3 cxd4 11.Nxd4 Bc5 12.Nb3 Bxg2 13.Qxd8 Rxd8 14.Kxg2 Nbd7
15.Nxd7 Nxd7 16.Rd1 Be7 17.Be3 Nf6 18.Rxd8+ Rxd8 19.Rc1 Nd5 20.Bd2 Kf8 21.
f4 f5 22.Kf3 Kf7 23.Rc2 Nf6 24.Nc1 Rd7 25.Nd3 Bd6 26.Bb4 Rc7 27.Rxc7+ Bxc7
28.Bc3 Nd7 29.a4 a6 30.e4 g6 31.Bd4 Bd6 32.Ke3 Ke8 33.b3 Kd8 34.Kf3 Kc7 
35.g4 Kc6 36.gxf5 exf5 37.h3 Nf8 38.Be5 Ne6 39.Bxd6 Kxd6 40.b4 Nd4+ 41.Ke3
Nc2+ 42.Kf3 Nd4+ 43.Ke3 Nc2+ 44.Kf3 Nd4+ 1/2-1/2

[Event "Legends of Chess Prelim"]
[Site "chess24.com INT"]
[Date "2020.07.24"]
[Round "4.1"]
[White "Svidler, P"]
[Black "Ding Liren"]
[Result "1-0"]
[WhiteElo "2723"]
[BlackElo "2791"]
[EventDate "2020.07.21"]
[WhiteTitle "GM"]
[BlackTitle "GM"]
[WhiteFideId "4102142"]
[BlackFideId "8603677"]

1.Nf3 d5 2.g3 g6 3.Bg2 Bg7 4.d4 Nf6 5.O-O O-O 6.c4 c6 7.Qb3 a5 8.cxd5 a4 
9.Qd1 cxd5 10.Nc3 Ne4 11.Nd2 Nxc3 12.bxc3 Nc6 13.Ba3 Bf5 14.e4 dxe4 15.
Nxe4 Qc7 16.Re1 Rfd8 17.Rb1 b6 18.Qf3 Rac8 19.Rb5 e6 20.Nd6 Rxd6 21.Bxd6 
Qxd6 22.Rxb6 Nxd4 23.Rxd6 Nxf3+ 24.Bxf3 Rxc3 25.Rd8+ Bf8 26.Kg2 Kg7 27.Be4
Bxe4+ 28.Rxe4 Rc2 29.Rd7 g5 30.Rxe6 Bc5 31.Re5 Kf6 32.Rdd5 Bxf2 33.Kf3 
Rxa2 34.Rxg5 a3 35.Rdf5+ Ke6 36.Ra5 Bg1 37.Ra6+ Ke7 38.h4 Bd4 39.Kg4 Ra1 
40.Rb5 Bb2 41.Kh5 Re1 42.g4 Re6 43.Rb7+ Kf8 44.Rxe6 fxe6 45.Ra7 Ke8 46.g5 
Kd8 47.Kh6 e5 48.Kxh7 e4 49.g6 e3 50.Rxa3 1-0

[Event "Legends of Chess Prelim"]
[Site "chess24.com INT"]
[Date "2020.07.22"]
[Round "2.1"]
[White "Nepomniachtchi, I"]
[Black "Ding Liren"]
[Result "1-0"]
[WhiteElo "2784"]
[BlackElo "2791"]
[EventDate "2020.07.21"]
[WhiteTitle "GM"]
[BlackTitle "GM"]
[WhiteFideId "4168119"]
[BlackFideId "8603677"]

1.e4 e5 2.Nf3 Nc6 3.d4 exd4 4.Nxd4 Nf6 5.Nxc6 bxc6 6.e5 Qe7 7.Qe2 Nd5 8.c4
Ba6 9.h4 f6 10.Rh3 fxe5 11.Bg5 Nf6 12.Re3 d6 13.Qf3 e4 14.Qd1 d5 15.Nc3 
Bb7 16.cxd5 cxd5 17.Bxf6 Qxf6 18.Nxd5 Bxd5 19.Bb5+ Bc6 20.Rxe4+ Be7 21.Qd5
Rd8 22.Bxc6+ Kf8 23.Qc4 Bd6 24.Rd1 g6 25.Rd3 Kg7 26.Rf3 Qxb2 27.Rf7+ Kh6 
28.g4 Qb1+ 29.Ke2 Bb4 30.Rd4 Rhe8+ 31.Kf3 Qh1+ 32.Kg3 Qg1+ 33.Kh3 Re3+ 34.
fxe3 Qxe3+ 35.Bf3 1-0

[Event "Legends of Chess Prelim"]
[Site "chess24.com INT"]
[Date "2020.07.21"]
[Round "1.2"]
[White "Carlsen, M"]
[Black "Giri, A"]
[Result "1-0"]
[WhiteElo "2863"]
[BlackElo "2764"]
[EventDate "2020.07.21"]
[WhiteTitle "GM"]
[BlackTitle "GM"]
[WhiteFideId "1503014"]
[BlackFideId "24116068"]

1.d4 Nf6 2.c4 e6 3.Nf3 d5 4.Nc3 Bb4 5.Bg5 h6 6.Bd2 O-O 7.g4 Bxc3 8.Bxc3 
Ne4 9.Qc2 c5 10.dxc5 b6 11.g5 hxg5 12.h4 g4 13.Ng5 f5 14.Bg2 bxc5 15.O-O-O
Nxg5 16.hxg5 Qxg5+ 17.Kb1 Nd7 18.cxd5 Nb6 19.dxe6 Bxe6 20.Bxa8 Rxa8 21.Qd2
Qg6 22.Qd6 f4+ 23.Ka1 Rf8 24.Qe5 g3 25.fxg3 Nc4 26.Qh5 Qxh5 27.Rxh5 Ne3 
28.Rg1 Bf5 29.b3 fxg3 30.Rxg3 Bg4 31.Rxc5 Rf1+ 32.Kb2 Nd1+ 33.Ka3 Nxc3 34.
Rxg4 1-0

[Event "Legends of Chess Prelim"]
[Site "chess24.com INT"]
[Date "2020.07.25"]
[Round "5.3"]
[White "Kramnik, V"]
[Black "Ding Liren"]
[Result "1/2-1/2"]
[WhiteElo "2753"]
[BlackElo "2791"]
[EventDate "2020.07.21"]
[WhiteTitle "GM"]
[BlackTitle "GM"]
[WhiteFideId "4101588"]
[BlackFideId "8603677"]

1.e4 c5 2.Nf3 d6 3.d4 cxd4 4.Nxd4 Nf6 5.Nc3 a6 6.Bc4 e6 7.Bb3 Nbd7 8.Be3 
Nc5 9.f3 b5 10.Qd2 Qc7 11.O-O-O Be7 12.g4 b4 13.Na4 O-O 14.Qxb4 Nxa4 15.
Qxa4 Bd7 16.Qc4 Qb7 17.g5 Nh5 18.Ba4 Bxa4 19.Qxa4 Rab8 20.Nc6 Qxb2+ 21.Kd2
Rfe8 22.Nxb8 Qxb8 23.Rb1 Qd8 24.Rhg1 d5 25.Kc1 g6 26.Rb7 Ng7 27.Kb1 Qc8 
28.Qxa6 e5 29.Qa7 Bf8 30.Rxf7 d4 31.Bc1 Ne6 32.Qb7 Qc4 33.Rxh7 Nc5 34.Rc7 
d3 35.Qd5+ Qxd5 36.exd5 Rb8+ 37.Ka1 e4 38.Be3 Na6 39.Rc4 Nb4 40.cxd3 exd3 
41.Bd4 Nc2+ 42.Rxc2 dxc2 43.Rc1 Rb5 44.Rxc2 Rxd5 45.Bf6 Ba3 46.Rc8+ Kf7 
47.Kb1 Rd1+ 48.Kc2 Rc1+ 49.Kb3 Rxc8 50.Kxa3 Ke6 51.f4 Ra8+ 52.Kb2 Rb8+ 53.
Kc3 Ra8 54.Kb3 Rb8+ 55.Kc3 Ra8 56.Kb2 Rb8+ 57.Ka1 Rb7 58.Be5 Rh7 59.Kb2 
Rxh2+ 60.Kb3 Kd5 61.a4 Kc5 62.a5 Kb5 63.Kc3 Ra2 64.Bc7 Ra4 65.Kd3 Kc6 66.
Be5 Kd5 67.Bc7 Kc6 68.Be5 Rxa5 69.Ke4 Ra4+ 70.Kf3 Kd5 71.Bc7 Ra3+ 72.Kg4 
Ke4 73.Bd6 Rf3 74.Bc7 Rf1 75.Kg3 Rg1+ 76.Kf2 Rc1 77.Be5 Rb1 78.Ke2 Rb3 79.
Kf2 Rf3+ 80.Ke2 Rh3 81.Kf2 Rh2+ 82.Kg3 Re2 83.Bc7 Re3+ 84.Kf2 Rf3+ 85.Kg2 
Ke3 86.Be5 Ke2 87.Bd6 Rf2+ 88.Kg3 Rf1 89.Kg2 Rf2+ 90.Kg3 Kf1 91.Be5 Rg2+ 
92.Kf3 Re2 93.Bd4 Rd2 94.Ke3 Re2+ 95.Kf3 Ra2 96.f5 gxf5 97.Kf4 Ra4 98.Kxf5
Rxd4 99.g6 Rd8 100.g7 Rg8 101.Kg6 Rxg7+ 102.Kxg7 1/2-1/2

[Event "Legends of Chess Prelim"]
[Site "chess24.com INT"]
[Date "2020.07.21"]
[Round "1.2"]
[White "Svidler, P"]
[Black "Anand, V"]
[Result "1/2-1/2"]
[WhiteElo "2723"]
[BlackElo "2753"]
[EventDate "2020.07.21"]
[WhiteTitle "GM"]
[BlackTitle "GM"]
[WhiteFideId "4102142"]
[BlackFideId "5000017"]

1.Nf3 d5 2.g3 c5 3.Bg2 Nf6 4.O-O g6 5.d4 cxd4 6.Nxd4 Bg7 7.c4 O-O 8.cxd5 
Nxd5 9.Nb3 e6 10.h4 Nc6 11.Bg5 Qc7 12.Qd2 a5 13.Bh6 Bxh6 14.Qxh6 a4 15.
N3d2 Nd4 16.Nf3 Nxf3+ 17.Bxf3 Bd7 18.Nd2 Bc6 19.a3 Rfd8 20.Rac1 Qe5 21.Nc4
Qf6 22.Rfd1 Rac8 23.Qg5 Kg7 24.Ne5 Be8 25.Rxc8 Rxc8 26.Bxd5 exd5 27.Qe3 
Bc6 28.Ng4 Qe6 29.Qd4+ f6 30.Rd3 Bd7 31.f3 Rc4 32.Qxd5 Qxd5 33.Rxd5 Bxg4 
34.fxg4 Rxg4 35.Kf2 Rc4 36.Rd7+ Kh6 37.Rxb7 Rc1 38.Rb4 Rb1 39.g4 f5 40.
gxf5 gxf5 41.Ke3 Kh5 42.Rxa4 Rxb2 43.Rb4 Ra2 44.a4 h6 45.Kf4 Kg6 46.e3 Ra3
47.Rb6+ Kh5 48.Ra6 Rb3 49.Rd6 Ra3 50.Kxf5 Rxa4 51.e4 Ra1 52.e5 Rf1+ 53.Ke4
Kxh4 54.Rxh6+ Kg5 55.Ra6 Rb1 56.Rf6 Ra1 57.Rf2 Ra4+ 58.Kd5 Ra5+ 59.Kd6 
Ra6+ 60.Kc7 Re6 61.Re2 Kf5 62.Kd7 Rxe5 63.Rxe5+ Kxe5 1/2-1/2

[Event "Legends of Chess Prelim"]
[Site "chess24.com INT"]
[Date "2020.07.21"]
[Round "1.3"]
[White "Anand, V"]
[Black "Svidler, P"]
[Result "1/2-1/2"]
[WhiteElo "2753"]
[BlackElo "2723"]
[EventDate "2020.07.21"]
[WhiteTitle "GM"]
[BlackTitle "GM"]
[WhiteFideId "5000017"]
[BlackFideId "4102142"]

1.e4 e5 2.Nf3 Nc6 3.Bc4 Bc5 4.O-O Nf6 5.d3 d6 6.c3 a6 7.a4 Ba7 8.Re1 O-O 
9.h3 Ne7 10.Nbd2 Ng6 11.d4 exd4 12.cxd4 d5 13.exd5 Nxd5 14.Ne4 c6 15.Qb3 
h6 16.Bd2 Rb8 17.Ng3 Be6 18.Qc2 Nh4 19.Nxh4 Qxh4 20.Bxd5 cxd5 21.Ne2 Bxd4 
22.Nxd4 Qxd4 23.Bc3 Qc4 24.Qd2 d4 25.Qxd4 Qxd4 26.Bxd4 Rbc8 27.Rec1 Rxc1+ 
28.Rxc1 Rc8 29.Rxc8+ Bxc8 30.a5 Bd7 31.Bc3 Bc6 32.Bd4 Bd7 33.Bc3 Bc6 34.
Bd4 Bd7 1/2-1/2

[Event "Legends of Chess Prelim"]
[Site "chess24.com INT"]
[Date "2020.07.23"]
[Round "3.3"]
[White "Anand, V"]
[Black "Kramnik, V"]
[Result "1/2-1/2"]
[WhiteElo "2753"]
[BlackElo "2753"]
[EventDate "2020.07.21"]
[WhiteTitle "GM"]
[BlackTitle "GM"]
[WhiteFideId "5000017"]
[BlackFideId "4101588"]

1.e4 e5 2.Nf3 Nc6 3.Bc4 Bc5 4.O-O Nf6 5.d3 d6 6.c3 h6 7.Re1 O-O 8.Nbd2 a6 
9.a4 Ba7 10.h3 Re8 11.b4 Be6 12.Bxe6 Rxe6 13.Qc2 Qd7 14.Nf1 d5 15.Be3 d4 
16.cxd4 Nxd4 17.Bxd4 Bxd4 18.Nxd4 Qxd4 19.Qxc7 Qxd3 20.Rad1 Qb3 21.Qxb7 
Ree8 22.a5 Reb8 23.Qc7 Qxb4 24.Ng3 Rb7 25.Qxe5 Rb5 26.Qf4 Nh5 27.Nxh5 Rxh5
28.Re3 Rxa5 29.Rg3 Rg5 30.Rgd3 Qb8 31.Qxb8+ Rxb8 32.Rd8+ Rxd8 33.Rxd8+ Kh7
34.Ra8 Re5 35.Rxa6 Rxe4 36.g3 Re1+ 37.Kg2 Re7 38.h4 h5 39.Rb6 g6 40.Ra6 
Rd7 1/2-1/2

[Event "Legends of Chess Prelim"]
[Site "chess24.com INT"]
[Date "2020.07.21"]
[Round "1.2"]
[White "Ding Liren"]
[Black "Gelfand, B"]
[Result "0-1"]
[WhiteElo "2791"]
[BlackElo "2676"]
[EventDate "2020.07.21"]
[WhiteTitle "GM"]
[BlackTitle "GM"]
[WhiteFideId "8603677"]
[BlackFideId "2805677"]

1.d4 Nf6 2.c4 e6 3.Nc3 Bb4 4.e3 O-O 5.Bd3 c5 6.Ne2 d5 7.cxd5 cxd4 8.exd4 
Nxd5 9.O-O Nc6 10.a3 Bd6 11.Re1 Re8 12.Bc2 Bf8 13.Qd3 g6 14.Qg3 Bg7 15.Bg5
Qb6 16.Be4 Nce7 17.h4 Bd7 18.h5 Bc6 19.h6 Bh8 20.Qh4 f6 21.Bxd5 Nf5 22.Qh3
exd5 23.Bf4 Nxd4 24.Be3 Nxe2+ 25.Nxe2 Qxb2 26.Nd4 f5 27.Rab1 Qxa3 28.Nxc6 
bxc6 29.Qf3 Re7 30.Rec1 Qd3 31.Qf4 Qe4 32.Qd6 Qe6 33.Rxc6 Qxd6 34.Rxd6 a5 
35.Rxd5 a4 36.Bc5 Re5 37.Rxe5 Bxe5 38.Ba3 Bf4 39.Rb7 Bxh6 40.Kf1 Bf8 41.
Bxf8 Kxf8 42.Rxh7 Ra6 43.Ke2 a3 44.Rh1 Ke7 45.Kd2 Kf6 46.Kc2 a2 47.Kb2 Ke5
48.Ka1 g5 49.Re1+ Kd4 50.Rd1+ Ke4 51.Re1+ Kf4 52.Re3 Ra5 53.Rf3+ Ke4 54.
Re3+ Kd4 55.Re8 Kd3 56.f3 f4 57.Re4 Rc5 58.g3 fxg3 59.Rg4 Ke3 60.Rxg3 Kf4 
61.Rh3 Rc3 62.Kxa2 g4 0-1

[Event "Legends of Chess Prelim"]
[Site "chess24.com INT"]
[Date "2020.07.22"]
[Round "2.3"]
[White "Nepomniachtchi, I"]
[Black "Ding Liren"]
[Result "1/2-1/2"]
[WhiteElo "2784"]
[BlackElo "2791"]
[EventDate "2020.07.21"]
[WhiteTitle "GM"]
[BlackTitle "GM"]
[WhiteFideId "4168119"]
[BlackFideId "8603677"]

1.e4 c6 2.Nf3 d5 3.Nc3 Bg4 4.h3 Bxf3 5.Qxf3 Nf6 6.Be2 e6 7.O-O Bc5 8.Rd1 
d4 9.e5 Nfd7 10.Ne4 Be7 11.Qg3 O-O 12.d3 Bh4 13.Qf4 c5 14.Nd6 Be7 15.Nxb7 
Qc7 16.Nd6 Nc6 17.Nc4 Ndxe5 18.Qg3 Bf6 19.Bf4 Rad8 20.Kh1 Kh8 21.Bf3 g5 
22.Bxg5 Bxg5 23.Bxc6 Bf6 24.Re1 Qxc6 25.Nxe5 Qb7 26.Qf3 Qxf3 27.Nxf3 c4 
28.dxc4 d3 29.cxd3 Rxd3 30.Rab1 a5 31.b3 Kg7 32.Red1 Rfd8 33.Rxd3 Rxd3 34.
Rc1 Bd8 35.Kg1 Bc7 36.Kf1 e5 37.Ke2 e4 38.Nd2 f5 39.Rd1 Bb6 40.g4 Kf6 41.
gxf5 Kxf5 42.Nxe4 Rxd1 43.Ng3+ Kf4 44.Kxd1 Bxf2 45.Nh5+ Kg5 46.Ke2 Bb6 47.
Ng3 Kf4 48.Nh5+ Kg5 1/2-1/2

[Event "Legends of Chess Prelim"]
[Site "chess24.com INT"]
[Date "2020.07.22"]
[Round "2.2"]
[White "Giri, A"]
[Black "Kramnik, V"]
[Result "1-0"]
[WhiteElo "2764"]
[BlackElo "2753"]
[EventDate "2020.07.21"]
[WhiteTitle "GM"]
[BlackTitle "GM"]
[WhiteFideId "24116068"]
[BlackFideId "4101588"]

1.d4 Nf6 2.c4 e6 3.Nf3 d5 4.Nc3 Nbd7 5.Bf4 dxc4 6.e3 b5 7.Nxb5 Bb4+ 8.Nc3 
Nd5 9.a3 Nxc3 10.Qd2 Bxa3 11.Qxc3 Bd6 12.Bxd6 cxd6 13.Bxc4 O-O 14.d5 e5 
15.O-O a5 16.Nd2 Bb7 17.b3 Qb6 18.Ra2 Rfc8 19.e4 Rc5 20.Rfa1 Qd8 21.b4 
axb4 22.Rxa8 Bxa8 23.Qxb4 h6 24.Ra6 Nf6 25.Bf1 Kh7 26.Ra7 Rc8 27.Rxf7 Rb8 
28.Qa3 Rb7 29.Rxb7 Bxb7 30.Nc4 Ne8 31.Qa7 Qc7 32.Na5 Bc8 33.Qxc7 Nxc7 34.
Nc4 Ne8 35.Nb6 Bg4 36.f3 Bh5 37.Nc8 1-0

[Event "Legends of Chess Prelim"]
[Site "chess24.com INT"]
[Date "2020.07.22"]
[Round "2.4"]
[White "Giri, A"]
[Black "Kramnik, V"]
[Result "1/2-1/2"]
[WhiteElo "2764"]
[BlackElo "2753"]
[EventDate "2020.07.21"]
[WhiteTitle "GM"]
[BlackTitle "GM"]
[WhiteFideId "24116068"]
[BlackFideId "4101588"]

1.d4 Nf6 2.c4 d6 3.Nf3 Bf5 4.Nc3 g6 5.d5 Bg7 6.Nd4 Bd7 7.e4 e5 8.dxe6 fxe6
9.Be2 O-O 10.O-O Nc6 11.Be3 b6 12.b3 a6 13.Rc1 Ne5 14.h3 Nf7 15.Qd2 c5 16.
Nf3 h6 17.e5 dxe5 18.Qc2 g5 19.Rcd1 Qe7 20.Ne4 Bc6 21.Bd3 Nh5 22.g3 Rad8 
23.Qe2 Nf6 24.Nfd2 Nd6 25.Nxd6 Rxd6 26.Bc2 Qb7 27.f3 Rfd8 28.Bf2 e4 29.
fxe4 e5 30.Nf3 Nxe4 31.Rxd6 Rxd6 32.Be1 Rf6 33.Qd3 Rd6 34.Qe3 Rd8 35.h4 g4
36.Nxe5 Bxe5 37.Qxh6 Bd4+ 38.Kh2 Bg7 39.Qe6+ Kh8 40.Rf7 Rd6 41.Qf5 Rf6 42.
Qh5+ Rh6 43.Rxb7 Rxh5 44.Rb8+ Kh7 45.Rxb6 Ba8 46.Rxa6 Bb7 47.Ra7 Bc6 48.
Ra6 Bb7 49.Ra7 Bc6 50.Ra6 Bb7 1/2-1/2

[Event "Legends of Chess Prelim"]
[Site "chess24.com INT"]
[Date "2020.07.24"]
[Round "4.4"]
[White "Ivanchuk, V"]
[Black "Nepomniachtchi, I"]
[Result "0-1"]
[WhiteElo "2678"]
[BlackElo "2784"]
[EventDate "2020.07.21"]
[WhiteTitle "GM"]
[BlackTitle "GM"]
[WhiteFideId "14100010"]
[BlackFideId "4168119"]

1.d4 Nf6 2.c4 g6 3.Nc3 d5 4.Bf4 Bg7 5.e3 O-O 6.Qb3 c5 7.cxd5 cxd4 8.exd4 
a5 9.Nf3 a4 10.Qc4 Na6 11.Be2 Bd7 12.a3 b5 13.Nxb5 Rc8 14.Qd3 Nxd5 15.Bg3 
Bf5 16.Qd1 Qa5+ 17.Qd2 Qxd2+ 18.Nxd2 Rc2 19.Nc3 Nac7 20.Nxa4 Ne6 21.Nc3 
Ndf4 22.Bxf4 Nxf4 23.g3 Nd3+ 24.Bxd3 Bxd3 25.Nd5 Rxb2 26.Nb4 Bb5 27.Rb1 
Rc8 28.Kd1 Bxd4 29.Re1 e6 30.Rxb2 Bxb2 31.Nb1 Bd4 32.f4 Kg7 33.Kd2 Rd8 34.
Kc1 Ba4 35.Re2 h5 36.Nd2 Rc8+ 37.Kb1 Rc3 38.Re4 Bf6 39.Nc4 Rf3 40.Re2 Rf1+
41.Ka2 Ra1# 0-1

[Event "Legends of Chess Prelim"]
[Site "chess24.com INT"]
[Date "2020.07.24"]
[Round "4.5"]
[White "Anand, V"]
[Black "Giri, A"]
[Result "0-1"]
[WhiteElo "2753"]
[BlackElo "2764"]
[EventDate "2020.07.21"]
[WhiteTitle "GM"]
[BlackTitle "GM"]
[WhiteFideId "5000017"]
[BlackFideId "24116068"]

1.e4 e5 2.Nf3 Nc6 3.Bc4 Bc5 4.c3 Nf6 5.d3 d6 6.O-O a6 7.a4 Ba7 8.Re1 O-O 
9.h3 h6 10.Nbd2 Re8 11.b4 Be6 12.Bxe6 Rxe6 13.Bb2 Ne7 14.d4 Ng6 15.c4 exd4
16.Nxd4 Bxd4 17.Bxd4 Qe7 18.f3 Nh5 19.Nf1 Ngf4 20.Ra2 Rg6 21.Kh1 Qe6 22.g4
Nf6 23.Kh2 h5 24.Ne3 hxg4 25.hxg4 Rh6+ 26.Kg1 Rh3 27.Rh2 Nd7 28.Nd5 Rxh2 
29.Kxh2 Nxd5 30.cxd5 Qe7 31.Kg2 Ne5 32.Rh1 Ng6 33.Qd2 f6 34.Rc1 Rd8 35.Bf2
Kf7 36.Bg3 Rd7 37.Qd4 b6 38.Qd3 Ne5 39.Qxa6 Nxg4 40.fxg4 Qxe4+ 41.Kh2 Rd8 
42.Rxc7+ Kg6 43.Kg1 Rh8 44.Kf2 Qd4+ 45.Kg2 Qe4+ 0-1

[Event "Legends of Chess Prelim"]
[Site "chess24.com INT"]
[Date "2020.07.23"]
[Round "3.4"]
[White "Carlsen, M"]
[Black "Leko, P"]
[Result "1-0"]
[WhiteElo "2863"]
[BlackElo "2663"]
[EventDate "2020.07.21"]
[WhiteTitle "GM"]
[BlackTitle "GM"]
[WhiteFideId "1503014"]
[BlackFideId "703303"]

1.c4 c5 2.Nc3 Nc6 3.e3 Nf6 4.d4 cxd4 5.exd4 d5 6.Nf3 Bg4 7.Bg5 e6 8.cxd5 
exd5 9.Be2 Be7 10.O-O O-O 11.h3 Bh5 12.Re1 h6 13.Bh4 Rc8 14.Ne5 Bxe2 15.
Rxe2 g5 16.Bg3 Bb4 17.Rc1 Bxc3 18.Rxc3 Ne4 19.Rcc2 Re8 20.Nxc6 Rxc6 21.
Rxc6 bxc6 22.Bh2 Re6 23.f3 Nd6 24.Rxe6 fxe6 25.Qa4 Qd7 26.Qb4 Nc8 27.Qb8 
Kf7 28.Be5 Kg8 29.b4 Kf7 30.a4 Ke7 31.a5 Kd8 32.a6 Ke8 33.Kh2 Kf7 34.Qb7 
Ke8 35.g4 Ne7 36.Qb8+ Nc8 37.Kg3 Kd8 38.Qb7 Nd6 39.Qxd7+ Kxd7 40.Bxd6 Kxd6
41.f4 Ke7 42.h4 Kf6 43.hxg5+ hxg5 44.fxg5+ Kxg5 45.Kf3 Kg6 46.Kf4 Kf6 47.
g5+ Kg6 48.Ke5 Kxg5 49.Kxe6 Kf4 50.Kd6 Ke4 51.Kxc6 Kxd4 52.b5 1-0

[Event "Legends of Chess Prelim"]
[Site "chess24.com INT"]
[Date "2020.07.21"]
[Round "1.5"]
[White "Kramnik, V"]
[Black "Nepomniachtchi, I"]
[Result "0-1"]
[WhiteElo "2753"]
[BlackElo "2784"]
[EventDate "2020.07.21"]
[WhiteTitle "GM"]
[BlackTitle "GM"]
[WhiteFideId "4101588"]
[BlackFideId "4168119"]

1.Nf3 c5 2.c4 Nf6 3.b3 g6 4.Bb2 Bg7 5.g3 O-O 6.Bg2 d5 7.cxd5 Nxd5 8.Bxg7 
Kxg7 9.O-O Nc6 10.d4 cxd4 11.Nxd4 Nxd4 12.Qxd4+ Nf6 13.Qe3 Qb6 14.Qxb6 
axb6 15.Nc3 Be6 16.Bxb7 Ra7 17.Bf3 Rc8 18.Nb5 Ra5 19.Nd4 Bd5 20.a4 e5 21.
b4 Raa8 22.Nb5 e4 23.Bg2 Rc4 24.Rfb1 Bc6 25.Na3 Rc3 26.a5 bxa5 27.b5 Bd5 
28.b6 a4 29.Nb5 Rb3 30.Nc7 Rb8 31.Rd1 Bc6 32.g4 h6 33.h4 Nxg4 34.Rd6 R8xb6
35.Bf1 a3 36.h5 gxh5 37.e3 Ne5 38.Kh2 Rb2 39.Kg3 h4+ 40.Kf4 Ng6+ 41.Kg4 
Rxf2 0-1

[Event "Legends of Chess Prelim"]
[Site "chess24.com INT"]
[Date "2020.07.25"]
[Round "5.4"]
[White "Svidler, P"]
[Black "Nepomniachtchi, I"]
[Result "0-1"]
[WhiteElo "2723"]
[BlackElo "2784"]
[EventDate "2020.07.21"]
[WhiteTitle "GM"]
[BlackTitle "GM"]
[WhiteFideId "4102142"]
[BlackFideId "4168119"]

1.Nf3 Nf6 2.e3 g6 3.b4 Bg7 4.Bb2 O-O 5.c4 d6 6.Be2 e5 7.d3 a5 8.b5 e4 9.
dxe4 Nxe4 10.Bxg7 Kxg7 11.O-O Qf6 12.Nd4 Nd7 13.f3 Nec5 14.Nc3 Nb6 15.Qd2 
Be6 16.Nxe6+ Qxe6 17.Rfe1 Rfe8 18.Bf1 Qf6 19.Rac1 Re7 20.e4 Rae8 21.Nd1 a4
22.Nf2 h5 23.Re3 Kg8 24.Rce1 Qe6 25.Qc3 Qe5 26.Qc1 Qd4 27.Rd1 Qg7 28.g3 f5
29.Nh3 fxe4 30.f4 Nd3 31.Bxd3 exd3 32.Rexd3 Nd7 33.b6 Nc5 34.Rd5 Ne4 35.
Re1 c6 36.Rd3 Nf2 37.Rde3 Nxh3+ 38.Kg2 Rxe3 39.Rxe3 Rxe3 40.Qxe3 Qd7 0-1

[Event "Legends of Chess Prelim"]
[Site "chess24.com INT"]
[Date "2020.07.25"]
[Round "5.2"]
[White "Ivanchuk, V"]
[Black "Carlsen, M"]
[Result "1/2-1/2"]
[WhiteElo "2678"]
[BlackElo "2863"]
[EventDate "2020.07.21"]
[WhiteTitle "GM"]
[BlackTitle "GM"]
[WhiteFideId "14100010"]
[BlackFideId "1503014"]

1.d4 Nf6 2.c4 e6 3.Nf3 d5 4.Nc3 a6 5.e3 dxc4 6.a4 c5 7.Bxc4 Nc6 8.O-O cxd4
9.exd4 Be7 10.Re1 O-O 11.Bf4 Nd5 12.Bg3 Bb4 13.Rc1 Nce7 14.Qb3 a5 15.Bh4 
f6 16.Bg3 Bd7 17.Re2 Rc8 18.Rcc2 Kh8 19.Nb5 Qb6 20.Bd3 Rfd8 21.h3 Be8 22.
Rxc8 Rxc8 23.Rc2 Rxc2 24.Qxc2 Qc6 25.Qxc6 Bxc6 26.b3 Nf5 27.Bb8 Kg8 28.Na7
Bd7 29.Bb5 Bxb5 30.Nxb5 g5 31.Kf1 Kf7 32.Ke2 h5 33.Kd3 Kg6 34.g3 Kf7 35.
Nd2 Bxd2 36.Kxd2 Ke7 37.g4 hxg4 38.hxg4 Nh4 39.Bg3 Kd7 40.Ke2 Ng6 41.f3 
Ngf4+ 42.Kd2 f5 43.Na3 fxg4 44.fxg4 Nf6 45.Ke3 Nxg4+ 46.Kf3 Nh6 47.Bxf4 
gxf4 48.Kxf4 Nf5 49.Ke5 Ne7 50.Nc4 Nc6+ 51.Ke4 Kc7 52.Ne3 Kd6 53.Nc4+ Kc7 
54.d5 exd5+ 55.Kxd5 b6 56.Ke4 Nb4 57.Kd4 Nc6+ 58.Kc3 Nb4 59.Kd4 Nc6+ 60.
Kc3 Nb4 61.Kd4 1/2-1/2